书目信息 |
| 题名: |
考试脑科学:脑科学中的高效记忆法
|
|
| 作者: | 池谷裕二 著 ;高宇涵 译 | |
| 分册: | ||
| 出版信息: | 北京 人民邮电出版社 2019 |
|
| 页数: | 213页 | |
| 开本: | 19cm | |
| 丛书名: | ||
| 单 册: | ||
| 中图分类: | B842.3-49 | |
| 科图分类: | ||
| 主题词: | 心理过程 , 心理状态 | |
| 电子资源: | ||
| ISBN: | 978-7-115-50954-3 | |
| 000 | 00683nam0 2200205 45 | |
| 001 | 2638955145 | |
| 005 | 20260414105032.18 | |
| 010 | @a978-7-115-50954-3@dCNY 49.00 | |
| 100 | @a20210928d km y0chiy0120 ea | |
| 101 | 0 | @achi |
| 200 | 1 | @a考试脑科学:脑科学中的高效记忆法@AKao Shi Nao Ke Xue:Nao Ke Xue Zhong De Gao Xiao Ji Yi Fa@f(日)池谷裕二著@F(Ri)Chi Gu Yu Er Zhu@g高宇涵译@GGao Yu Han Yi |
| 210 | @a北京@c人民邮电出版社@d2019 | |
| 215 | @a213页@d19cm | |
| 606 | 0 | @a心理过程 |
| 606 | 0 | @a心理状态 |
| 690 | @aB842.3-49@v4 | |
| 701 | 0 | @a池谷裕二@AChi Gu Yu Er@4著 |
| 702 | 0 | @a高宇涵@AGao Yu Han@4译 |
| 801 | 0 | @aCN@bPFT@c20210928 |
| 905 | @a10447@b1@dB842.3-49@e4945@f7204951 | |
| 考试脑科学:脑科学中的高效记忆法/(日)池谷裕二著/高宇涵译.-北京:人民邮电出版社,2019 |
| 213页;19cm |
| ISBN 978-7-115-50954-3:CNY 49.00 |
| ● |
| 相关链接 |
|
|
|
|
正题名:考试脑科学:脑科学中的高效记忆法
索取号:B842.3-49/4945
 
预约/预借
| 序号 | 登录号 | 条形码 | 馆藏地/架位号 | 状态 | 备注 |
| 1 | 1442545 | 214425451 | 第一样本阅览室/ [索取号:B842.3-49/4945] | 在馆 |